00704nam a2200241 a 4500001001300000003000900013005001700022008004100039020002300080082001600103100001800119245004300137260003000180300001000210500003500220505001000255650001600265700001800281902000800299942000700307952013100314999001700445nice12345678IN_TiNIC20260116015328.0130218s2012 newa grp 000 0 eng  a9788189884741c69500a297.82bDSO aDsouza, Diane aShia Womenb Muslim Faith and Practice aNew Delhi bZubaan c2012 a396p  aincludes index and biblioraphy2 aIndex aShiah-Islam1 aDsouza, Diane bSRS cBK 001040708StackRoom-aHMIbHMId2013-02-18g695.00l1o297.82 DSOp11002379r2019-08-29s2019-08-28v695.00w2013-02-18yBK c19262d19262